书目信息 |
| 题名: |
建筑工程计量与计价
|
|
| 作者: | 王军霞 主编 | |
| 分册: | ||
| 出版信息: | 北京 机械工业出版社 2013 |
|
| 页数: | 169页 | |
| 开本: | 26cm | |
| 丛书名: | ||
| 单 册: | ||
| 中图分类: | TU723.3 | |
| 科图分类: | ||
| 主题词: | 建筑工程--计量--职业教育--教材 , 建筑工程 , 计量 , 建筑造价 , 建筑造价--职业教育--教材 | |
| 电子资源: | ||
| ISBN: | 978-7-111-43990-5 | |
| 000 | 00938nam0 2200289 450 | |
| 001 | 141433 | |
| 005 | 20141106163427.12 | |
| 010 | @a978-7-111-43990-5@dCNY 29.00 | |
| 100 | @a20131211d2013 em y0chiy50 ea | |
| 101 | 0 | @achi |
| 102 | @aCN@b110000 | |
| 105 | @aa z 000yy | |
| 200 | 1 | @a建筑工程计量与计价@9jian zhu gong cheng ji liang yu ji jia@b专著@f王军霞主编 |
| 205 | @a3版 | |
| 210 | @a北京@c机械工业出版社@d2013 | |
| 215 | @a169页@c图@d26cm | |
| 300 | @a教育部职业教育与成人教育司推荐教材 职业教育改革与创新规划教材 | |
| 330 | @a本书主要内容包括:建筑工程概预算基本理论、建筑及装饰装修工程施工图预算编制、工程量清单计价方法、土建工程结算。 | |
| 606 | 0 | @a建筑工程@x计量@x职业教育@j教材 |
| 606 | 0 | @a建筑工程 |
| 606 | 0 | @a计量 |
| 606 | 0 | @a建筑造价 |
| 606 | 0 | @a建筑造价@x职业教育@j教材 |
| 690 | @aTU723.3@v5 | |
| 701 | 0 | @a王军霞@9wang jun xia@4主编 |
| 801 | 0 | @c20141106 |
| 905 | @a241430@dTU723.3@eW2302=3 | |
| 建筑工程计量与计价/王军霞主编.-3版.-北京:机械工业出版社,2013 |
| 169页:图;26cm |
| 教育部职业教育与成人教育司推荐教材 职业教育改革与创新规划教材 |
| ISBN 978-7-111-43990-5:CNY 29.00 |
| 本书主要内容包括:建筑工程概预算基本理论、建筑及装饰装修工程施工图预算编制、工程量清单计价方法、土建工程结算。 |
| ● |
| 相关链接 |
|
|
|
正题名:建筑工程计量与计价
索取号:TU723.3/W2302=3
 
预约/预借
| 序号 | 登录号 | 条形码 | 馆藏地/架位号 | 状态 | 备注 |
| 1 | 0837915 | 208379155 | 建筑库201/201建筑库 37排3列2层/ [索取号:TU723.3/W2302=3] | 在馆 | |
| 2 | 0837916 | 208379164 | 建筑库201/201建筑库 105排3列2层/ [索取号:TU723.3/W2302=3] | 在馆 | |
| 3 | 0837917 | 208379173 | 建筑库201/201建筑库 37排3列2层/ [索取号:TU723.3/W2302=3] | 在馆 |